| 000 | 03159nam a2200205 i 4500 | ||
|---|---|---|---|
| 001 | 188449 | ||
| 003 | ES-MaACL | ||
| 005 | 20250812031813.0 | ||
| 008 | 181003m18901892fr |||| | fre d | ||
| 245 | 0 | 0 |
_aLa Collection Spitzer. _pAntiquité-Moyen-Age-Renaissance / _c[... Ouvrage... exécuté sous la direction de M. Frédéric Spitzer. |
| 260 |
_aParis : _bQuantin, _c1890-92. |
||
| 300 |
_a6 t. en 12 v. : _bil. ; _c50 cm. |
||
| 500 | _a"Il a été tiré de cet ouvrage 600 exemplaires sur papier vélin, numérotés. Exemplaire nº 362. | ||
| 505 | 8 | _aContiene: 1. Les Antiques. Notice et descriptions / par M. Froehner. Les Ivoires / Notice de M. Darcel. L'Orfévrerie religieuse / Notice de M. Léon Palustre. Les Tapisseries / Notice de M. Eugène Müntz. 2 v. (176 pág. + lám. I-VII + I-XXIV + 1-XXV + I-VII con grab. intercal.) -- 2. Les Emaux peints / Notice par M. Claudius Popelin. Les Meubles et bois sculptés / Notice par M. Edmond Bonnaffé. Les Faïences de Saint-Porchaire / Notice par Edmond Bonnaffé. Les Faïences de B. Palissy / Notice par M. Emile Molinier. La Serrurerie / Notice par M. Henry d'Allemagne. Les Cuirs / Notice par M. Alfred Darcel . 2 v. (223 pág. + lám. I-XVI + I-XX + I-III + 1-VII + I-V + I-VI. Con grab. intercal.) -- 3. L'Orfévrerie civil / Notice par M. Alfred Darcel. Les Incrustations sur metal / Notice par M. Émile Molinier. Les Peintures sous verre / Notice par M. Émile Molinier. La Verrerie / Notice par M. Edonard Garnier. Les Vitraux / Notice par M. Émile Molinier. La Bijouterie / Notice par M. Edmond Bonnaffé. Les Grès / Notice par M. Arthur Pabst. La Coutellerie / Notice par M. Henry d'Allemagne. Les Sculptures en buis et en pierre de Munich / Notice par M. Arthur Pabst. 2 v. ( LI + 293 pág. + lám. I-XV + I-III + I-II + I-IX + I-IV + I-VII + I-XV + I-V + I-XI. Con grab. inter ; cal.) -- 4. Les Faïences italiennes, hispano-moresques et orientales / Notice par M. Émile Molinier. La Sculpture, Pierre, Marbre, Terre-cuite, Bronze / Notice par M. Wilhelm Bode. Les Plaquettes et les Médailles / Notice par M. Émile Molinier. La Dinanderie / Notice par M. Émilie Molinier. 2 v. (202 pág. + I-XXII + I-II + I-XXII + I-IV + I-IV + I-II Poún) -- 5. Les Gemmes / Notice par M. Edmond Bonnaffé. Les Horloges et les Montres / Notice par M. Léon Palustre. Les Instruments de Mathématiques / Notice par M. Alfred Ernst. Les Manuscrits, Miniatures, Dessins et Tableaux / Notice par M. Auguste Molinier. Les Cires / Notice par M. Gaston Le Breton. Les Etoffes et Broderies / Notice par M.L. de Farcy. Les Coffrets / Notice par M. Émile Molinier. Les Jeux / Notice par M. Émile Molinier. 2 v. ( 260 pág. + I-X + I-VIII + I-IV + I-VI + I-II + I + I-XII + I-III + I-II lám. Con grab. intercal.) -- 6. Armes et Armures / Notice par M.J.-B. Giraud ; Descriptions par M. Émile Molinier. 2 v. ( LXXXIII + 108 pág. + lám. I-LVII Con grab. intercal.) | |
| 650 | 7 |
_aArte antiguo _2embne _9145358 |
|
| 650 | 7 |
_aArte medieval _2embne _9135618 |
|
| 650 | 0 | 4 |
_aArte- _xColecciones. _910092 |
| 852 |
_aES-MaACL _jB-8376-87 |
||
| 999 |
_c188449 _d188449 |
||